000 00865cab a22002775a 4500
001 L157597
008 130129e2012 xxk 000 0 eng d
020 _a9781848062436
035 _a(Sirsi) u157597
041 0 _aeng
100 1 _aGarvin, Stephen
110 2 _aBulding Research Establishment
245 0 0 _aFlood - resilient building
_bpart 2: building in flood-risk areas and designing flood-resilient buildings
260 _aWatford : BRE, 2012
300 _a12p.
_bill.
_c30cm.
490 _aBRE Digest
_v(DG 523) Part 2
520 _aSets out an overall approach to flood-resilient building in the UK.
521 _aAdvanced
590 _aKA
650 2 4 _aBUILT ENVIRONMENT-CONSTRUCTION DESIGN
650 2 4 _aFLOOD PREVENTION
650 2 4 _aFLOOD DEFENCES
651 4 _aENGLAND AND WALES
690 4 _aDesign and specification
942 _n0
999 _c114863
_d114863